000 00623nam a2200217Ia 4500
003 GCL
008 140319s9999 xx 000 0 ara d
040 _aGCL /
_cGCL
082 0 4 _aق
_b953
_bع م
100 1 _aكمال الدين حسين
245 1 0 _aمصر العظمى /
_cكمال الدين حسين
700 1 _aعبدالستار كمال
260 _a[S.N] :
_bوزارة التربية والتعليم
300 _a48 ص
490 _a
650 0 4 _aمصر
650 0 4 _aتاريخ
650 0 4 _aالاحوال الاجتماعية
650 0 4 _aالاثار الفرعونية
942 _2ddc
_cBK
999 _c58436
_d58436